| 000 | 00831nam a2200193 a 4500 | ||
|---|---|---|---|
| 001 | 54257 | ||
| 005 | 20180714044957.0 | ||
| 008 | 140415s2007 sp 000 0 eng d | ||
| 020 | _a9780262134743 | ||
| 041 | _aeng | ||
| 082 |
_a004.019 _bMOG |
||
| 100 | 1 | _aMOGGRIDGE, BILL | |
| 245 | 1 | 0 | _aDESIGNING INTERACTIONS |
| 250 | _a1a ed. | ||
| 260 |
_aESPAÑA : _bMASSACHUSETTS INSTITUTE OF TECHNOLOGY, _c2007 |
||
| 300 |
_a1283 _c21 x 3.5 x 23.5 |
||
| 520 | _aTHIS WILL BE THE BOOK-THE BOOK THAT SUMMARIZES HOW THE TECHNOLOGY OF INTERACTION CAME INTO BEING AND PRECRIBES HOW IT WILL ADVANCE IN THE FUTURE. WRITTEN BY THE DESIGNER WHO WAS THERE, WHO HELPED MAKE IT HAPPEN, WHO PIONEERED THE DIGITAL REVOLUTION. ESSENTIAL, EXCITING, AND A DELIGHT FOR BOTH EYES AND MIND. | ||
| 650 | 1 | 4 |
_aINTERACCION HOMBRE _xCOMPUTADOR |
| 999 |
_c54257 _d54257 |
||